000 00459nam a22001812 4500
001 0000004403
005 20170406115811.0
008 140916s xx 000 0 eng d
020 _c$
040 _aYour Holding Symbol
_cYour Holding Symbol
100 1 _aDostoevsky.
245 1 0 _aCrime and punisment.
250 _a ed.
260 _aNew york :
_bDent,
_c1948.
300 _a434 p. ;
_c cm.
650 0 _afiction.
908 _a140916
999 _c4233
_d4233